|
|
|
|
| LEADER |
01683nam a2200385 a 4500 |
| 001 |
14845446 |
| 008 |
100104r2004 enk bd 001 0 eng d |
| 010 |
|
|
|a 2007018708
|
| 020 |
|
|
|a 0415243602
|
| 020 |
|
|
|a 9780415428569 (hardback : alk. paper)
|
| 020 |
|
|
|a 0415428564 (hardback : alk. paper)
|
| 020 |
|
|
|a 9780415428552 (pbk. : alk. paper)
|
| 020 |
|
|
|a 0415428556 (pbk. : alk. paper)
|
| 040 |
|
|
|a DLC
|c DLC
|d DLC
|d BD-DhAAL
|
| 082 |
0 |
0 |
|a 325/.303
|2 22
|
| 100 |
1 |
|
|a Ashcroft, Bill,
|d 1946-
|
| 245 |
1 |
0 |
|a key concepts in post colonial studies /
|c Bill Ashcroft, Gareth Griffiths & Helen Tiffin.
|
| 260 |
|
|
|a London ;
|a New York ;
|a India :
|b Routledge,
|c 2004.
|
| 300 |
|
|
|a xi, 275 p. ;
|c 21 cm.
|
| 500 |
|
|
|a Previous ed. published under title: Key concepts in post-colonial studies.
|
| 500 |
|
|
|a "Simultaneously published in the USA and Canada by Routledge."
|
| 504 |
|
|
|a Includes bibliographical references and index.
|
| 541 |
1 |
|
|e 00013748
|
| 650 |
|
0 |
|a Colonies
|v Dictionaries.
|
| 650 |
|
0 |
|a Decolonization
|v Dictionaries.
|
| 650 |
|
0 |
|a Postcolonialism
|v Dictionaries.
|
| 650 |
|
0 |
|a Ethnic attitudes
|v Dictionaries.
|
| 650 |
|
0 |
|a Race relations
|v Dictionaries.
|
| 700 |
1 |
|
|a Griffiths, Gareth,
|d 1943-
|
| 700 |
1 |
|
|a Tiffin, Helen.
|
| 852 |
4 |
|
|a Ayesha Abed Library
|j General Shelf.
|
| 942 |
0 |
0 |
|0 1
|
| 999 |
|
|
|c 6696
|d 6696
|
| 952 |
|
|
|0 0
|1 0
|2 ddc
|4 0
|6 325_303000000000000_ASH_2004
|7 0
|9 6869
|a BRACUL
|b BRACUL
|c GEN
|d 2010-01-05
|l 6
|m 19
|o 325.303 ASH
|p 3010013748
|r 2023-05-14
|s 2023-04-09
|t 1
|w 2010-01-05
|y BK
|
| 952 |
|
|
|0 0
|1 0
|2 ddc
|4 0
|6 325_303000000000000_ASH_2004
|7 0
|9 6870
|a BRACUL
|b BRACUL
|c GEN
|d 2010-01-05
|l 2
|m 6
|o 325.303 ASH
|p 3010014209
|r 2020-01-06
|s 2019-11-13
|t 2
|w 2010-01-05
|y BK
|